000 00413nam a22001697a 4500
003 LK-CoDNM
005 20250116122609.0
008 250116b |||||||| |||| 00| 0 eng d
040 _aLK-CoDNM
_dLK-CoDNM
_eLK-CoDNM
041 _aeng
080 _a10
_bL25
245 _aMaking A Photography
260 _aNew York
_bThe Studio Publication
300 _a96p. : ill , 24 cm
650 _aScience
942 _cBK
999 _c236515
_d236515